<?xml version="1.0" encoding="UTF-8"?>
<record
    xmlns:xsi="http://www.w3.org/2001/XMLSchema-instance"
    xsi:schemaLocation="http://www.loc.gov/MARC21/slim http://www.loc.gov/standards/marcxml/schema/MARC21slim.xsd"
    xmlns="http://www.loc.gov/MARC21/slim">

  <leader>01141nam a2200241 a 4500</leader>
  <controlfield tag="001"> </controlfield>
  <controlfield tag="003">DO-SdBNP</controlfield>
  <controlfield tag="005">20230209120250.0</controlfield>
  <controlfield tag="008">100330s1995    dr a   000 0 spa d</controlfield>
  <datafield tag="040" ind1=" " ind2=" ">
    <subfield code="a">DO-SdBNP</subfield>
    <subfield code="b">spa</subfield>
    <subfield code="c">BPMSU </subfield>
  </datafield>
  <datafield tag="082" ind1=" " ind2=" ">
    <subfield code="a">R920.07293</subfield>
    <subfield code="b">P438m 1995</subfield>
    <subfield code="2">22</subfield>
  </datafield>
  <datafield tag="100" ind1="1" ind2=" ">
    <subfield code="a">P&#xE9;rez Reyes, H&#xE9;ctor,</subfield>
    <subfield code="d">1927-</subfield>
  </datafield>
  <datafield tag="245" ind1="1" ind2="0">
    <subfield code="a">Mis dominicanos /</subfield>
    <subfield code="c">H&#xE9;ctor P&#xE9;rez Reyes ; edici&#xF3;n Tom&#xE1;s Castro </subfield>
  </datafield>
  <datafield tag="260" ind1=" " ind2=" ">
    <subfield code="a">Santo Domingo :</subfield>
    <subfield code="b">Taller,</subfield>
    <subfield code="c">1995.</subfield>
  </datafield>
  <datafield tag="300" ind1=" " ind2=" ">
    <subfield code="a">v. :</subfield>
    <subfield code="b">il. ;</subfield>
    <subfield code="c">23 cm.</subfield>
  </datafield>
  <datafield tag="505" ind1="0" ind2=" ">
    <subfield code="a">Manuel de Js. Troncoso de la Concha -- Julio Ortega Frier -- Ram&#xF3;n Marrero Aristy -- V&#xED;ctor G&#xE1;rrido -- Generoso Nu&#xF1;ez -- Ludovino Fern&#xE1;ndez -- Federico C. &#xC1;lvarez -- Virgilio &#xC1;lvarez Pina -- Manuel Mar&#xED;a Guerrero -- Polibio D&#xED;az -- Rafael Paino Pichardo -- Hipolito Herrera Billini -- Rafael Filiberto Bonelly -- &#xC1;ngel Mar&#xED;a Liz -- Julio C&#xE9;sar Mart&#xED;nez -- Emma Balaguer de Vallejo -- Ces&#xE1;r A. Herrera y Rafael Herrera Cabral.</subfield>
  </datafield>
  <datafield tag="590" ind1=" " ind2=" ">
    <subfield code="6">Inventariado, 2021/VM</subfield>
  </datafield>
  <datafield tag="651" ind1=" " ind2="4">
    <subfield code="a">Rep&#xFA;blica Dominicana</subfield>
    <subfield code="x">Biograf&#xED;as</subfield>
  </datafield>
  <datafield tag="651" ind1=" " ind2="4">
    <subfield code="a">Rep&#xFA;blica Dominicana </subfield>
    <subfield code="x">Historia</subfield>
  </datafield>
  <datafield tag="700" ind1="1" ind2=" ">
    <subfield code="a">Castro, Tom&#xE1;s </subfield>
    <subfield code="e">ed.</subfield>
  </datafield>
  <datafield tag="910" ind1=" " ind2=" ">
    <subfield code="a"> Vmateo V. </subfield>
  </datafield>
  <datafield tag="942" ind1=" " ind2=" ">
    <subfield code="2">ddc</subfield>
    <subfield code="c">BK</subfield>
  </datafield>
  <datafield tag="952" ind1=" " ind2=" ">
    <subfield code="0">0</subfield>
    <subfield code="1">0</subfield>
    <subfield code="2">ddc</subfield>
    <subfield code="4">0</subfield>
    <subfield code="7">0</subfield>
    <subfield code="8">CD</subfield>
    <subfield code="a">BPMET</subfield>
    <subfield code="b">BPMET</subfield>
    <subfield code="d">2021-08-23</subfield>
    <subfield code="o">BPMSU CD R920.07293 P438m 1995</subfield>
    <subfield code="p">BPMSU21080076</subfield>
    <subfield code="r">2021-08-23</subfield>
    <subfield code="t">v.1</subfield>
    <subfield code="w">2021-08-23</subfield>
    <subfield code="y">CF</subfield>
  </datafield>
  <datafield tag="952" ind1=" " ind2=" ">
    <subfield code="0">0</subfield>
    <subfield code="1">0</subfield>
    <subfield code="2">ddc</subfield>
    <subfield code="4">0</subfield>
    <subfield code="7">0</subfield>
    <subfield code="8">CD</subfield>
    <subfield code="a">BPMET</subfield>
    <subfield code="b">BPMET</subfield>
    <subfield code="d">2021-08-23</subfield>
    <subfield code="l">0</subfield>
    <subfield code="o">BPMSU CD R920.07293 P438m 1995</subfield>
    <subfield code="p">BPMSU21080077</subfield>
    <subfield code="r">2021-08-23</subfield>
    <subfield code="t">v.1, e.2</subfield>
    <subfield code="w">2021-08-23</subfield>
    <subfield code="y">CF</subfield>
  </datafield>
  <datafield tag="952" ind1=" " ind2=" ">
    <subfield code="0">0</subfield>
    <subfield code="1">0</subfield>
    <subfield code="2">ddc</subfield>
    <subfield code="4">0</subfield>
    <subfield code="7">0</subfield>
    <subfield code="8">CD</subfield>
    <subfield code="a">BPMET</subfield>
    <subfield code="b">BPMET</subfield>
    <subfield code="d">2021-08-23</subfield>
    <subfield code="l">0</subfield>
    <subfield code="o">BPMSU CD R920.07293 P438m 1995</subfield>
    <subfield code="p">BPMSU23020005</subfield>
    <subfield code="r">2023-02-09</subfield>
    <subfield code="t">v.1, e.3</subfield>
    <subfield code="w">2021-08-23</subfield>
    <subfield code="y">CF</subfield>
  </datafield>
  <datafield tag="952" ind1=" " ind2=" ">
    <subfield code="0">0</subfield>
    <subfield code="1">0</subfield>
    <subfield code="2">ddc</subfield>
    <subfield code="4">0</subfield>
    <subfield code="7">0</subfield>
    <subfield code="8">CD</subfield>
    <subfield code="a">BPMET</subfield>
    <subfield code="b">BPMET</subfield>
    <subfield code="d">2021-08-23</subfield>
    <subfield code="l">0</subfield>
    <subfield code="o">BPMSU CD R920.07293 P438m 1995</subfield>
    <subfield code="p">BPMSU25010020</subfield>
    <subfield code="r">2025-01-22</subfield>
    <subfield code="t">v.2</subfield>
    <subfield code="w">2021-08-23</subfield>
    <subfield code="y">CF</subfield>
  </datafield>
  <datafield tag="999" ind1=" " ind2=" ">
    <subfield code="c">13675</subfield>
    <subfield code="d">13675</subfield>
  </datafield>
</record>
